TEXTILES TODAY A GLOBAL SURVEY OF TREND AND TRADITIONS (Record no. 17211)

MARC details
000 -LEADER
fixed length control field 00326nam a22001337a 4500
003 - CONTROL NUMBER IDENTIFIER
control field SGT
020 ## - INTERNATIONAL STANDARD BOOK NUMBER
International Standard Book Number 978-0-500-51381-1
082 ## - DEWEY DECIMAL CLASSIFICATION NUMBER
Classification number 677
Item number T07C
100 ## - MAIN ENTRY--PERSONAL NAME
Personal name CLCHESTER, CHLOR
245 ## - TITLE STATEMENT
Title TEXTILES TODAY A GLOBAL SURVEY OF TREND AND TRADITIONS
260 ## - PUBLICATION, DISTRIBUTION, ETC. (IMPRINT)
Place of publication, distribution, etc LONDON
Name of publisher, distributor, etc THAMES & HUDON
Year of Publication 2007
300 ## - PAGE DESCRIPTION
No. of Pages 208
942 ## - ADDED ENTRY ELEMENTS (KOHA)
Source of classification or shelving scheme Dewey Decimal Classification
Koha item type Books
Holdings
Withdrawn status Lost status Source of classification or shelving scheme Damaged status Not for loan Home library Current library Shelving location Date acquired Vendor Name Cost, normal purchase price SGTU Bill Number Total Checkouts Full call number Accession No. (Barcode) Date last seen Bill Date Koha item type
    Dewey Decimal Classification     SGT Science & Social Sciences Library SGT Science & Social Sciences Library Text Book 27/03/2019 PANKAJ PUB 2845.00 SGTU 4321   677 T07C FF612 27/03/2019 07/03/2019 Books